1515 1990 1963 1587 1826 1779 1977 1536 1798 1343 1558 1745 1842 1644 1979 1301 1327 1663 1833 1442 1503 1159 1381 1039 1758 1441 1508 1284 1398 1677 1743 1870 1269 1359 1782 1760 1021 1765 1614 1581 1188 1688 1207 1045 1900 1982 1702 1712 1383 1072 1873 1450 1751 1296 1020 1737 1899 1904 1396 1711 1673 1938 1542 1345 1720 1090 1249 1486 1757 1365 1660 1985 1527 1663 1839 1218 1064 1886 1804 1532 1649 1116 1164 1899 1385 1697 1365 1603 1570 1815 1639 1920 1187 1310 1037 1515 1466 1583 1234 BCNSPRNW ULIB Ver.6.0+V

เปลี่ยนเป็นภาษาไทย

Change to English
 แสดงรายละเอียดบรรณานุกรม
  กลับหน้าหลัก

Brief Record : Get Marc (ISO 2709) : E-mail record : QR code < ปิดหน้าต่าง
LEADER : 00000nam 2200000uu 4500
001    13399123327
003     ULIB
008    140821s2552||||th 000 0 tha d
020    ^a9786169159902 ล.2 ^c330
050  0 BF139^bก281ส
100 0   ^aกฤษณมูรติ, นามแฝง.
245 1   ^aสมองใหม่ = ^bThe Ending of time / ^cกฤษณมูรติ, [นามแฝง], เดวิด โบร์ม, ผู้แปล ; พยับแดด, บรรณาธิการ ; สิรินทร์ ชิดานนท์...[และคนอื่นๆ]
260    ^aสงขลา : ^bมูลนิธิวันวีกษณา, ^c2552
300    ^a2 เล่ม
500    ^aแปลจาก The ending of time 1970
500    ^aมีเนื้อหาเป็นภาษาไทยและภาษาอังกฤษ
650    ^aตนเอง (จิตวิทยา)
650    ^aความขัดแย้ง (จิตวิทยา)
650    ^aเวลา ^xแง่จิตวิทยา.
650    ^aความคิดและการคิด.
650    ^aจักรวาลวิทยา.
700 0   ^aสิรินทร์ ชิดานนท์, ผู้แปล
700 0   ^aพยับแดด, ผู้แปล
700 1   ^aโบฮ์ม, เดวิด.
710 2   ^aมูลนิธิอันวีกษณา.
945    ^p330^l0^i034629
999    ^aเกษร โพธิ์สุวรรณ
รายการนี้ยังไม่มีแท็ก
คุณยังไม่ได้ล็อกอิน คุณสามารถมีกิจกรรมร่วมกับเว็บไซต์ได้ แต่ต้องล็อกอินก่อน ::
  ล็อกอิน

รายการสื่อสารสนเทศ

ลำดับที่ ประเภท เลขเรียก/บาร์โค้ด สถานที่ สถานะ
1. การศึกษาทั่วไป
การศึกษาทั่วไป
BF139 ก281ส ฉ.1 
  Barcode: 034629
ห้องสมุดวิทยาเขตสวรรค์ประชารักษ์
►หนังสือทั่วไป
บนชั้น

รายการใกล้เคียง
    หัวเรื่อง [ตนเอง (จิตวิทยา)]
    หัวเรื่อง [ความขัดแย้ง (จิตวิทยา)]
    หัวเรื่อง [ความคิดและการคิด.]

BibComment


ยังไม่เคยถูกคอมเมนท์

คอมเมนท์ทรัพยากรรายการนี้
  คอมเมนท์: สมองใหม่ The ..


 Copyright 2026. Bcnsprnw @Library